Arthur Blessit's street university. (Record no. 10552)

000 -LEADER
fixed length control field 00562nam a2200193 a 4500
001 - CONTROL NUMBER
control field :::00008341$&:&@@
003 - CONTROL NUMBER IDENTIFIER
control field OkBaRHE
005 - DATE AND TIME OF LATEST TRANSACTION
control field 20000607103343.0
008 - FIXED-LENGTH DATA ELEMENTS--GENERAL INFORMATION
fixed length control field s1978 j 000 0 eng u
040 ## - CATALOGING SOURCE
Transcribing agency
100 1# - MAIN ENTRY--PERSONAL NAME
Personal name Blessit, Arthur.
245 10 - TITLE STATEMENT
Title Arthur Blessit's street university.
260 ## - PUBLICATION, DISTRIBUTION, ETC. (IMPRINT)
Place of publication, distribution, etc Ventura, CA., :
Name of publisher, distributor, etc Vision House
Date of publication, distribution, etc 1978
300 ## - PHYSICAL DESCRIPTION
Extent 205 p. ;
Dimensions 23 cm.
650 ## - SUBJECT ADDED ENTRY--TOPICAL TERM
Topical term or geographic name as entry element Evangelism
650 ## - SUBJECT ADDED ENTRY--TOPICAL TERM
Topical term or geographic name as entry element Evangelistic Work
942 ## - ADDED ENTRY ELEMENTS (KOHA)
Source of classification or shelving scheme
Koha item type Books
Copies
Price effective from Source of classification or shelving scheme Barcode Date last seen Lost status Copy number Koha item type Full call number Not for loan Permanent Location Damaged status Date acquired Withdrawn status Shelving location
2010-04-14 83412010-04-14 1BooksBV 3790 .B5 RHEMA Bible Training College 2010-04-14 General Stacks